Trampoline World Champions Women - Statistics

General Stats
  • This quiz has been taken 17 times
    3 since last reset
  • The average score is 16 of 37
Answer Stats
Year Country World Champion % Correct
2021 GBR Bryony Page
100%
2023 GBR Bryony Page
100%
2001 GER Anna Dogonadze
67%
2019 JPN Hikaru Mori
67%
2022 JPN Hikaru Mori
67%
1994 RUS Irina Karavaeva
67%
1998 RUS Irina Karavaeva
67%
1999 RUS Irina Karavaeva
67%
2005 RUS Irina Karavaeva
67%
2007 RUS Irina Karavaeva
67%
2003 CAN Karen Cockburn
67%
2017 BLR Tatiana Piatrenia
67%
1972 USA Alexandra Nicholson
33%
1974 USA Alexandra Nicholson
33%
1990 URS Elena Merkulova
33%
1992 RUS Elena Merkulova
33%
2011 CHN He Wenna
33%
2009 CHN Huang Shanshan
33%
1964 USA Judy Wills
33%
1965 USA Judy Wills
33%
1966 USA Judy Wills
33%
1967 USA Judy Wills
33%
1968 USA Judy Wills
33%
2010 CHN Li Dan
33%
2015 CHN Li Dan
33%
2014 CHN Liu Lingling
33%
1970 USA Renee Ransom
33%
2013 CAN Rosannagh MacLennan
33%
2018 CAN Rosannagh MacLennan
33%
1988 URS Rusudan Khoperia
33%
1980 SUI Ruth Keller
33%
1982 SUI Ruth Keller
33%
1984 GBR Sue Shotton
33%
1976 URS Svetlana Levina
33%
1986 URS Tatiana Lushina
33%
1978 URS Tatiana Anismova
0%
1996 RUS Tatiana Kovaleva
0%
No matching quizzes found
Score Distribution
Percent of People with Each Score
Percentile by Number Answered
Your Score History
You have not taken this quiz since the last reset